|
|
|
|
| LEADER |
00000nam a2200000 a 4500 |
| 001 |
52218 |
| 003 |
CZ-ZlUTB |
| 005 |
20190826001628.0 |
| 007 |
ta |
| 008 |
090527s2006 gw a f 001 0 ger d |
| 020 |
|
|
|a 3170189077
|q (brož.)
|
| 040 |
|
|
|a ZLD002
|b cze
|
| 072 |
|
7 |
|a 159.9
|x Psychologie
|2 Konspekt
|9 17
|
| 080 |
|
|
|a 61:159.9
|2 MRF
|
| 080 |
|
|
|a 616-036.81-052
|2 MRF
|
| 080 |
|
|
|a 303.62
|2 MRF
|
| 080 |
|
|
|a 364-787
|2 MRF
|
| 080 |
|
|
|a 316.772.4
|2 MRF
|
| 080 |
|
|
|a (035)
|2 MRF
|
| 100 |
1 |
|
|a Gestrich, Reinhold,
|d 1943-
|7 utb2009515923
|4 aut
|
| 245 |
1 |
0 |
|a Gespräche mit Schwerkranken :
|b Krisenbewältigung durch das Pflegepersonal /
|c Reinhold Gestrich
|
| 246 |
3 |
|
|a Krisenbewältigung durch das Pflegepersonal
|
| 250 |
|
|
|a 3., überarbeitete und neu gestaltete Aufl.
|
| 260 |
|
|
|a Stuttgart :
|b W. Kohlhammer,
|c 2006
|
| 300 |
|
|
|a 141 s. :
|b il. ;
|c 23 cm
|
| 490 |
1 |
|
|a Pflege Wissen und Praxis
|
| 504 |
|
|
|a Obsahuje bibliografie a rejstřík
|
| 650 |
0 |
7 |
|a lékařská psychologie
|7 ph122505
|2 czenas
|
| 650 |
0 |
7 |
|a klinická psychologie
|7 ph121636
|2 czenas
|
| 650 |
0 |
7 |
|a kriticky nemocní pacienti
|7 ph499523
|2 czenas
|
| 650 |
0 |
7 |
|a rozhovor
|7 ph218071
|2 czenas
|
| 650 |
0 |
7 |
|a pomáhající chování
|7 ph124334
|2 czenas
|
| 650 |
0 |
7 |
|a interpersonální komunikace
|7 ph121153
|2 czenas
|
| 650 |
0 |
9 |
|a medical psychology
|2 eczenas
|
| 650 |
0 |
9 |
|a clinical psychology
|2 eczenas
|
| 650 |
0 |
9 |
|a critical ill patients
|2 eczenas
|
| 650 |
0 |
9 |
|a interview
|2 eczenas
|
| 650 |
0 |
9 |
|a helping behavior
|2 eczenas
|
| 650 |
0 |
9 |
|a interpersonal communication
|2 eczenas
|
| 655 |
|
7 |
|a příručky
|7 fd133209
|2 czenas
|
| 655 |
|
9 |
|a handbooks, manuals, etc
|2 eczenas
|
| 830 |
|
0 |
|a Pflege Wissen und Praxis (Kohlhammer)
|
| 910 |
|
|
|a ZLD002
|
| 952 |
|
|
|0 0
|1 0
|4 0
|6 15GESTRICHR
|7 0
|8 BOOK
|9 93509
|a UTBZL
|b UTBZL
|c 030
|d 2009-05-27
|l 1
|o 15/GESTRICH,R.
|p 420010124281
|r 2019-08-26 00:00:00
|v 715.00
|w 2019-08-26
|x N: převod z FHS, Švec V.;
|y 05
|
| 992 |
|
|
|a BK
|b SK
|d 1
|
| 999 |
|
|
|c 52218
|d 52218
|